000 01088nas a2200337 4500
001 BR2016003051
003 BR-BrBNA
005 20231205130452.0
007 ta
008 230509b bl.|||p| |||| 00| 00por d
040 _aBR-BrBNA
_bpor
_cBiblioteca Nacional de Agricultura
041 _a(Pt)
072 _aK10
100 1 _aFlores, A.V.
100 1 _aBorges, E.E. de L. e
100 1 _aGonçalves, J.F. de C.
100 1 _aGuimarães, V.M.
100 1 _aAtaíde, G. da M.
100 1 _aBarros, D. de P.
100 1 _aPereira, M.D.
245 1 _aEfeito do substrato, cor e tamanho de sementes na germinação e vigor de Melanoxylon brauna
650 _aBRAÚNA PRETA
650 _aSEMENTE FLORESTAL
650 _aFISIOLOGIA
650 _aMORFOLOGIA VEGETAL
650 _aÁRVORE ANGIOSPERMA
773 0 _tPesquisa Florestal Brasileira (Brazil)
_xISSN 1983-2605
_g(Apr-Jun 2014), V. 34(78) p. 141-147
_wBR2016003051
856 4 0 _uhttp://pfb.cnpf.embrapa.br/pfb/index.php/pfb/article/view/558
909 _a202311
_bLúcia
_c55
_dLúcia Elande
942 _2AGRIS
_n0
_cANA
999 _c249612
_d249612